000 00453nam a2200169 a 4500
005 20140310183141.0
008 020822s19uu xx 00 eng d
050 _aHD 57
_b.Sch296 2001
100 _aSchaffer, Robert.
245 _aManaging productivity /
_cRobert Schaffer.
300 _aix. 371 p. :
_c24 cm.
521 _aBSBA
650 _aIndustrial productivity
650 _aIndustrial management
942 _cBK
_2lcc
_kFOR
999 _c19405
_d19405